A study into linguistic features of expressions denoting optimism in english and vietnamese economic news /

This is a study on the syntactic, semantic and pragmatic features of the expressions denoting optimism in English and Vietnamese economic news and making comparision to find out the similarities and differences of these features between two languages. To reach the goal, the data used for examination...

ver descrição completa

Na minha lista:
Detalhes bibliográficos
Autor principal: Dư,Trần Thiện Vi
Formato: Livro
Idioma:English
Publicado em: ĐHNN, 2016.
Assuntos:
Tags: Adicionar Tag
Sem tags, seja o primeiro a adicionar uma tag!
Thư viện lưu trữ: Mạng thư viện Đại học Đà Nẵng
LEADER 04046nam a22003611a 4500
001 000041162
003 17458
005 20240619145825.0
008 170307s2016 vm 000 eng
041 |a eng 
082 |a 421  |b DƯ-V 
100 |a Dư,Trần Thiện Vi 
245 2 |a A study into linguistic features of expressions denoting optimism in english and vietnamese economic news /  |c Dư Trần Thiện Vi. 
260 |a ĐHNN,  |c 2016. 
300 |a 89tr . : ill ; 30cm. 
520 |a This is a study on the syntactic, semantic and pragmatic features of the expressions denoting optimism in English and Vietnamese economic news and making comparision to find out the similarities and differences of these features between two languages. To reach the goal, the data used for examination and analysis were taken from various linguistic materials such as dictionaries, English newspapers and internet included. 400 samples were collected from popular online newspapers such as CNN, BBC in English and Vneconomy in Vietnamese. Lexically, words and phrases denoting development were found to be typical expressions employed in both language of which the English economic news were more diversified than those in Vietnamese. Syntactically, verb phrases, noun phrases, adjective phrases, preposition phrases and advevb phrases were prominent features which were thoroughly analyzed and compared. This research is also intended to draw out some implications in teaching, learning and translating. Any unanswered questions in this study require further researches due to the limited scope of the research. Hopefully, the result of the study can be somewhat beneficial for teaching and learning English. Also, this study may be useful for economic journalism students in writing news. It may help entrepreneurs, teacher and students to draw up and understand more economic news. The findings lay the foundations of implications for teaching and learning to achieve better communicative competence. 
650 |a linguistic features 
653 |a economic news 
653 |a denoting optimism 
OWN |a LNN 
AVA |a UDN50  |b LNN  |c English  |d 421 DƯ-V  |e available  |t Error 5001 Not defined in file expand_doc_bib_avail.  |f 1  |g 0  |h N  |i 0  |j AN  |k 1 
Z40 3 |y A STUDY INTO LINGUISTIC FEATURES OF EXPRESSIONS DENOTING OPTIMISM IN ENGLISH AND VIETNAMESE ECONOMIC  |l Library of UFL  |t VIEW  |x http://catalog.udn.vn:80/F?func=service&doc_library=UDN01&local_base=UDN01&doc_number=000041162&sequence=000001&line_number=0001&func_code=DB_RECORDS&service_type=MEDIA  |f TOMTAT_000007867.pdf  |e pdf  |s 000388691  |k 20200913  |m NTMTHI 
Z40 3 |y A STUDY INTO LINGUISTIC FEATURES OF EXPRESSIONS DENOTING OPTIMISM IN ENGLISH AND VIETNAMESE ECONOMIC  |l Library of UFL  |t VIEW  |x http://catalog.udn.vn:80/F?func=service&doc_library=UDN01&local_base=UDN01&doc_number=000041162&sequence=000002&line_number=0002&func_code=DB_RECORDS&service_type=MEDIA  |f LUANVAN_000007869.pdf  |e pdf  |s 001034559  |k 20200913  |m NTMTHI 
999 |a From the UDN01 
AVA |a UDN50  |b LNN  |c English  |d 421 DƯ-V  |e available  |t Error 5001 Not defined in file expand_doc_bib_avail.  |f 1  |g 0  |h N  |i 0  |j AN  |k 1 
TYP |a Monograph 
TYP |a Printed language 
856 |y A STUDY INTO LINGUISTIC FEATURES OF EXPRESSIONS DENOTING OPTIMISM IN ENGLISH AND VIETNAMESE ECONOMIC  |l Library of UFL  |t VIEW  |x http://catalog.udn.vn:80/F?func=service&doc_library=UDN01&local_base=UDN01&doc_number=000041162&sequence=000001&line_number=0001&func_code=DB_RECORDS&service_type=MEDIA  |f TOMTAT_000007867.pdf  |e pdf  |s 000388691  |k 20200913  |m NTMTHI 
856 |y A STUDY INTO LINGUISTIC FEATURES OF EXPRESSIONS DENOTING OPTIMISM IN ENGLISH AND VIETNAMESE ECONOMIC  |l Library of UFL  |t VIEW  |x http://catalog.udn.vn:80/F?func=service&doc_library=UDN01&local_base=UDN01&doc_number=000041162&sequence=000002&line_number=0002&func_code=DB_RECORDS&service_type=MEDIA  |f LUANVAN_000007869.pdf  |e pdf  |s 001034559  |k 20200913  |m NTMTHI 
980 |a Mạng thư viện Đại học Đà Nẵng